|
|
|
|
| LEADER |
00939nam a2200229 a 4500 |
| 001 |
3212192 |
| 008 |
100802s1979 caua b 001 0 eng d |
| 010 |
|
|
|a 78073896
|
| 040 |
|
|
|a DLC
|c DLC
|d DLC
|
| 082 |
0 |
0 |
|a 378/.052
|2 19
|
| 245 |
0 |
0 |
|a Managing in a new era /
|c Robert E. Lahti, guest editor.
|
| 260 |
|
|
|a San Francisco :
|b Jossey-Bass,
|c c1979.
|
| 300 |
|
|
|a viii, 105 p. :
|b ill. ;
|c 24 cm.
|
| 490 |
0 |
|
|a New directions for community colleges ;
|v no. 28 (1979)
|
| 504 |
|
|
|a Includes bibliographies and index.
|
| 541 |
1 |
|
|e 0002303
|
| 650 |
|
0 |
|a Community colleges
|z United States
|x Administration.
|
| 700 |
1 |
|
|a Lahti, Robert E.
|
| 830 |
|
0 |
|a New directions for community colleges ;
|v no. 28.
|
| 852 |
4 |
|
|a Ayesha Abed Library
|j General shelf
|
| 999 |
|
|
|c 9384
|d 9384
|
| 952 |
|
|
|0 0
|1 0
|2 ddc
|4 0
|6 378_052000000000000_MAN_1979
|7 0
|9 12159
|a BRACUL
|b BRACUL
|c GEN
|d 2010-09-29
|g 0.00
|l 0
|o 378.052 MAN
|p 3010002303
|r 2010-09-29
|t 1
|w 2010-09-29
|y BK
|z Not price in Register
|